Представление документа в формате RUSMARC

ПолеНазваниеЗначение
  Тип записи a
  Библиографический уровень m
001 Контрольный номер RU/SLIB/B/208766455
005 Дата корректировки 20201206204242.6
010 Индекс ISBN __
d Цена 50-00
101 Язык документа __
a Язык текста rus
200 Заглавие и сведения об ответственности __
a Заглавие Поколение, которому выпала честь...
b Общее обозначение материала Текст
210 Выходные данные __
a Место издания [Сургут]
c Издательство Нефть Приобья
d Дата издания 2002
215 Физическое описание __
a Объем [21] с.
c Иллюстрации/тип воспроизводства фотоил.
300 Общие примечания __
a Общие примечания Обязат. экз.
600 Персоналии __
a Персоналии (Фамилия) Муравленко, В. И.
606 Тематические рубрики __
a Основная рубрика Экономика
a Основная рубрика Экономика топливной промышленности
y Географическая подрубрика Россия ; РФ ; Российская Федерация ; Тюменская область ; ХМАО ; Ханты-Мансийский автономный округ
610 Ключевые слова __
a Ключевые слова нефть; месторождения; газ; нефтяники; краеведение; нефтяная промышленность; история; персоналии
686 Индексы других классификаций __
a Классификационный индекс К65.305.143(2Рос-4Тюм)
801 Источник записи _0
a Страна RU
b Организация Муниципальное бюджетное учреждение культуры "Централизованная библиотечная система" г. Сургут (Центральная городская библиотека им. А. С. Пушкина)
g Правила каталогизации КиК/Гришунина
801 Источник записи _1
a Страна RU
b Организация Муниципальное бюджетное учреждение культуры "Централизованная библиотечная система" г. Сургут (Центральная городская библиотека им. А. С. Пушкина)
g Правила каталогизации КиК/Гришунина
852 Данные о местонахождении __
j Шифр хранения К65.305.143(2Рос-4Тюм)
c Каталожный индекс К65.304.13(2Рос-4Тюм)
i Авторский знак П 48
p Инвентарный номер Б/Н
901 Тип документа __
t Тип документа m
903 Характеристики (МАРС) __
a Дата передачи 20040621
990 Данные о заказе (DOS) __
j Количество экземпляров (DOS) 1
h N записи в КСУ для Б/У (DOS) 200406